000 00446cam a2200145 4500500
005 20260405002847.0
041 _afre
042 _adc
100 1 0 _aPicq, Jean
_eauthor
245 0 0 _aEurope and Its States in Globalization
260 _c2010.
500 _a29
786 0 _nÉtudes | Volume 413 | 11 | 2010-10-29 | p. 449-459 | 0014-1941
856 4 1 _uhttps://shs.cairn.info/journal-etudes-2010-11-page-449?lang=en&redirect-ssocas=7080
999 _c2061835
_d2061835